[Event "Corsica Masters rap 07th"]
[Site "Bastia"]
[Date "2003.11.02"]
[Round "2.2"]
[White "Grischuk, Alexander"]
[Black "Gelfand, Boris"]
[Result "1-0"]
[WhiteElo "2732"]
[BlackElo "2703"]
[Annotator "Huzman,A"]
[PlyCount "83"]
[EventDate "2003.11.01"]
[EventType "k.o. (rapid)"]
[EventRounds "4"]
[EventCountry "FRA"]
[SourceTitle "CBM 098"]
[Source "ChessBase"]
[SourceDate "2004.02.03"]
[SourceVersion "1"]
[SourceVersionDate "2004.02.03"]
[SourceQuality "1"]

1. e4 e5 2. Nf3 Nf6 3. Nxe5 d6 4. Nf3 Nxe4 5. d4 d5 6. Bd3 Nc6 7. O-O Be7 8.
Nc3 {White wouldn't mind a small advantage he is about to get after an
exchange on "c3" due to his more active pieces. To equalize, Black would have
to find a proper place for his "c8" B} f5 {Just like in 6.Bd3-Bd6 variation,
Black is trying to protect his "e4" stronghold. Grischuk, in his turn, resorts
to a plan that is typical for the variation in question, but he is unable to
get any edge.} (8... Nxc3 9. bxc3 Bg4 $5 (9... O-O 10. h3 (10. Bf4 Be6 11. Re1
Bf6 12. Qd2 Re8 13. h3 Qd7 14. Rab1 b6 15. Bg5 Bxg5 16. Qxg5 f6 17. Qh4 Bf5 18.
Qf4 Bxd3 19. cxd3 Re7 20. Rxe7 {1/2-1/2 Herweh,P-Gaisbauer,R/Schoeneck 1998/
EXT 2001 (20)}) (10. Rb1 Na5 11. Re1 Be6 12. Ne5 g6 13. Bh6 Re8 14. Qd2 Bf6 15.
Qf4 $36 {1-0 Sosna,J-Loktionova,N/Olomouc 2001/EXT 2002 (27)}) 10... Be6 11.
Rb1 (11. Re1 Qd7 (11... h6 12. Ne5 Nxe5 13. Rxe5 Bd6 14. Rh5 $5 Qf6 $4 15. Bg5
$18 {Genova - Galobert, corr 1956}) 12. Bf4 Rfe8 13. Rb1 Rab8 14. Re3 Bf6 15.
Ng5 $14 {Aronin - Zhilin, USSR 1959}) 11... Rb8 12. Re1 h6 13. Nh2 Re8 14. Rxe6
fxe6 15. Qg4 Bg5 16. f4 Bf6 17. Qg6 $40 {1-0 Varavin,V-Smirnov,I/Alushta UKR
2001/(25)}) 10. Rb1 (10. Bf4 O-O 11. h3 Bh5 12. g4 Bg6 13. Bg3 f5 $36 {1-0
Rujevic,M-Solomon,S/Melbourne 1998/EXT 2001 (39)}) (10. h3 Bh5 11. Re1 O-O 12.
Bf4 Bg6 13. Rb1 Rb8 14. Ne5 Bf6 15. Nxg6 fxg6 16. Qg4 $16 {1-0 Marchioli,
R-Feroli,R/Pellestrina 1979/EXT 99 (22)}) 10... Rb8 (10... Na5 11. h3 Bh5 12.
Re1 O-O 13. Re5 Bg6 14. Rb5 Nc6 15. Rexd5 Bd6 16. Rg5 b6 17. Nh4 Qd7 18. Bf5
Qe8 19. Bxg6 {1/2-1/2 Adorjan,A-Miles,A/Hastings 1973/EXT 98 (19)}) 11. Qe2 (
11. Re1 O-O 12. Bf4 (12. Bb5 Bf6 13. h3 Be6 14. Bf4 Be7 15. Bxc6 bxc6 16. Ne5
c5 17. Nc6 Rxb1 18. Qxb1 Qd7 19. Nxe7+ Qxe7 20. Qb7 $14 {1-0 Kouwenhoven,
M-Lang,H/Duisburg 1992/TD (55)}) 12... Qd7 (12... h6 $11 {Browne-Murray/
Vancouver 1981 (12)}) 13. Re3 Rfe8 (13... g5 14. Bg3 f5 15. Be5 f4 16. Re1 Bf6
17. Bxf6 Rxf6 18. h3 Bh5 19. Ne5 $14 {1-0 Browne,W-Murray,P/Vancouver 1971/EXT
2002 (24)}) 14. Qe2 Bf8 15. Re1 Rxe3 16. Qxe3 $14 {1/2-1/2 Anand,V-Leko,P/Leon
2001/CBM 84/[Huzman] (56)}) 11... O-O 12. Qe3 Re8 13. Ne5 Nxe5 14. dxe5 Qd7 $11
{1/2-1/2 Sax,G-Horvath,C/Budapest 1995/CBM 51 ext (21)}) (8... Bf5 9. Re1 (9.
Qe1 O-O (9... Nb4 10. Nxe4 dxe4 11. Bxe4 Nxc2 12. Bxc2 Bxc2 13. Qe2 Ba4 14. Re1
$16 {1-0 Schauer,J-Studnicka,T/CZE 2001/EXT 2003 (16)}) 10. Nxe4 dxe4 11. Bxe4
Bb4 12. c3 Re8 13. Bxf5 Rxe1 14. Rxe1 $44 {Balashov - Yusupov, Minsk 1982. /
[Jussupow] (19)}) 9... Nxc3 10. bxc3 Bxd3 11. Qxd3 O-O 12. Rb1 (12. Bf4 Bf6 13.
Re2 Na5 14. Be5 Nc4 15. Bxf6 Qxf6 $11 {0-1 Adrian,A-Hoegerl,G/Ludwigshafen
1996/EXT 98 (48)}) 12... Na5 13. Rb5 b6 14. Ne5 f6 15. Nf3 Bd6 16. Qf5 c6 17.
Rb1 Re8 18. Bf4 {1/2-1/2 Kavalek,L-Bisguier,A/New York 1972/MCD (18)}) (8...
Nf6 9. h3 h6 10. Re1 O-O 11. Be3 Re8 12. Qd2 Bf8 13. Bf4 $14 {1/2-1/2 Rickert,
H-Felser,F/Bad Segeberg 2000/EXT 2002 (53)}) 9. Ne2 $1 {[%cal Gc2c4,Ge2f4,
Gc4d5,Gf4d5]} (9. Be3 Bf6 10. Qe2 Be6 11. Ne5 Nxe5 12. dxe5 Bxe5 13. f3 Qh4 (
13... Nxc3 14. bxc3 Qd6 $17) 14. g3 Nxg3 15. hxg3 Qxg3+ 16. Qg2 Qxg2+ 17. Kxg2
d4 18. Bg5 $14 {1/2-1/2 Heise,J-Riedel,F/Germany 1993/GER (57)}) (9. Bf4 O-O
10. Nb5 a6 11. Nxc7 g5 12. Nxa8 gxf4 13. c4 Be6 14. cxd5 Bxd5 15. Rc1 Qxa8 16.
Bc4 Bxc4 17. Rxc4 b5 18. Rc1 Bd6 $11 {1/2-1/2 Gutsko,A-Stojanovic,A/
Balatonlelle HUN 2003/(59)}) 9... O-O 10. c4 Be6 (10... Nb4 11. Nf4 Nxd3 12.
Qxd3 c6 13. cxd5 cxd5 14. Qb3 Nf6 15. Re1 $16 {[%csl Rc8,Rd5,Ge5]}) 11. Nf4 Bf7
12. cxd5 Bxd5 13. Nxd5 Qxd5 14. Be3 (14. Bf4 $5 Kh8 (14... Bd6 15. Rc1 Kh8 16.
Bc4 Qa5 17. Bxd6 cxd6 (17... Nxd6 18. Be6 $14) 18. Qb3 Rab8 19. Rfe1 $14) (
14... Bf6 15. Rc1 Kh8 16. Bc4 Qd7 17. d5 Ne7 18. Qb3 $36 Ng6) 15. Bxc7 Rac8 16.
Be5 Nxe5 17. dxe5 Rfd8 18. Be2 Qe6 19. Qa4 Bc5 $44) 14... Kh8 15. Re1 {
stopping 15...f4} Rad8 (15... f4 16. Bxe4 (16. Bc1 Ng5 17. Nxg5 Qxg5 18. Be4
Rad8 $36 {[%csl Ra1,Rc1]}) 16... Qxe4 17. d5 Bb4 18. Bc5 Bxe1 19. dxc6 Ba5 20.
cxb7 Qxb7 21. Bxf8 Rxf8 22. Qc2 $14) 16. Qa4 f4 17. Bc1 Ng5 18. Nxg5 Qxg5 ({
Gelfand could have gained a pawn by playing} 18... Bxg5 $1 19. Be4 Rde8 $1 20.
f3 Qxd4+ 21. Qxd4 Nxd4 22. Bd2 c6 23. Rad1 $15) 19. Re4 Bd6 $2 {Black
shouldn't have renounced the pressure on the "d4" pawn because he is not
sufficiently prepared to launch a K-side offence} (19... Qh5 20. Bxf4 (20. Be2
Qd5 21. Rxf4 Nxd4 $36) 20... Rxf4 21. Rxf4 Bd6 22. d5 Bxf4 23. Qxf4 Qxd5 24.
Bf1 (24. Bc4 Qe5 $11) (24. Bc2 Qd4 $11) 24... Qd2 25. Qf7 Nd4 26. Qxc7 Rf8 $132
) 20. Bd2 Ne7 21. Rae1 $16 Ng6 $2 {The N should have taken a different route
to "g6" because now White gets an opportunity to swap Qs} (21... Nf5 $142 22.
Re8 Nh4 $132) 22. Qb5 $1 Qxb5 23. Bxb5 {Both 2-Bs advantage and a full control
over the "e" file secure a big edge for White} Nh4 {Black is doing his best to
wrestle the iniative out of White's hands but his ungrounded activity makes
matters even worse} 24. Bc4 g5 25. Bc3 {[%csl Rh8]} Kg7 26. Kf1 (26. Re6 $5)
26... Ng6 (26... f3 27. g3 Ng2 28. Re7+ $1 (28. Rd1 $16 {[%csl Rg2]}) 28...
Bxe7 29. Rxe7+ Kg6 30. Bd3+ Kf6 31. Rxc7 $16) 27. Be6 h5 28. a4 g4 29. a5 g3
30. Kg1 gxh2+ 31. Kxh2 f3+ 32. g3 h4 33. d5+ Rf6 $2 (33... Kh7 34. Rh1 (34. Kh3
hxg3 35. fxg3 f2 36. Rf1 Rf3 $132) 34... c6 35. dxc6 bxc6 36. Bb3 $1 Rfe8 37.
Bc2 Kh6 38. Kh3 Be5 39. Rg4 $1 $16) 34. Kh3 hxg3 35. fxg3 Rh8+ 36. Kg4 Rh2 37.
Rf1 f2 38. Re2 Rg2 39. Bxf6+ Kh6 40. Rh1+ Nh4 41. Bxh4 Rg1 42. Rxf2 1-0

[Event "Corsica Masters rap 07th"]
[Site "Bastia"]
[Date "2003.11.02"]
[Round "3.1"]
[White "Grischuk, Alexander"]
[Black "Anand, Viswanathan"]
[Result "1/2-1/2"]
[WhiteElo "2732"]
[BlackElo "2766"]
[Annotator "Ribli,Z"]
[PlyCount "75"]
[EventDate "2003.11.01"]
[EventType "k.o. (rapid)"]
[EventRounds "4"]
[EventCountry "FRA"]
[SourceTitle "CBM 098"]
[Source "ChessBase"]
[SourceDate "2004.02.03"]
[SourceVersion "1"]
[SourceVersionDate "2004.02.03"]
[SourceQuality "1"]

1. e4 c5 2. Nf3 e6 3. d4 cxd4 4. Nxd4 Nc6 5. Nc3 Qc7 6. Be3 {Diese Variante
ist sehr populär in der letzten Zeit. Nach 6...a6 kann Weiß entweder 7.Qd2 und
den Plan 8.0-0-0 spielen, oder mit 7.Bd3 fortsetzen.} a6 7. Qd2 {Früher
glaubte man, dass gegen die Taimanov-Paulsen Variante dieser Aufbau weniger
gut ist, aber heutzutage spielt Weiß in Grossmeisterturnieren gerne diese
Fortsetzung.} Nf6 8. O-O-O Bb4 9. f3 Na5 $146 {Eine große und wichtige
theoretische Neuerung von Anand! (Anderseits dürfen wir nicht vergessen, dass
dieser Zug in zwei Rapidpartien gespielt wurde.) Der gewönliche Zug statt 9...
Na5 ist 9...Ne5, aber 9...Ne7 ist auch möglich.} (9... Ne5 10. Nb3 b5 11. Kb1
Nc4 12. Bxc4 bxc4 13. Nc1 O-O 14. Bf4 Bxc3 15. Bxc7 Bxd2 16. Rxd2 c3 17. bxc3
d5 18. e5 Nd7 19. c4 dxc4 20. Ne2 {1/2-1/2 Grischuk,A-Svidler,P/Cap d'Agde
2003/CBM 98 (32)}) 10. Bf4 {Das war die erste Partie mit 9...Na5, am nächsten
Tag spielte Weiß 10.a3, aber ohne besonderes Ergebnis.} (10. a3 Bxc3 11. Qxc3
Qxc3 12. bxc3 d5 13. e5 Nd7 14. f4 b5 15. Nb3 Nc4 16. Bxc4 bxc4 17. Nc5 Rb8 18.
Kd2 Rb5 {1/2-1/2 Topalov,V-Anand,V/Bastia 2003/CBM 98 (33)}) 10... d6 {[%cal
Re6e5,Re5d4,Re5f4]} (10... Bxc3 $2 11. Bxc7 Bxd2+ 12. Rxd2 Nc6 13. Bd6 $16) (
10... e5 11. Nf5 $5 (11. Bg3 d6 12. Nde2 Nc4 13. Qd3 Be6 $15) 11... exf4 12. e5
Bxc3 (12... Qxe5 $4 13. Re1 $18) (12... Nh5 13. Nd6+ Bxd6 14. exd6 $16) 13.
bxc3 Ng8 (13... Ne4 14. fxe4 Qxe5 15. Qd5 Qxd5 16. Rxd5 $14) 14. Qxf4 $44 {
[%cal Rf5d6,Rd6e8,Rd6f7,Rf4f7]}) 11. Nb3 (11. Bg3 e5) 11... e5 12. Bg5 (12. Bg3
Be6 $11) 12... Be6 $11 {[%csl Rc3][%cal Ga8c8,Gc8c1,Gb4d2] Schwarz rochiert
nicht, er möchte seinen Turm schnell mit 13...Rc8 ins Spiel bringen. Schwarz
hat ein aktives Figurenspiel am Damenflügel und das erschwächte d5-Feld hat
keine Bedeutung.} 13. Kb1 (13. Bxf6 gxf6 14. Qd3 Bxc3 (14... Rc8 15. Nxa5 Bxa5
(15... Qxa5 16. Nd5 Bxd5 17. Qxd5 $14) 16. Nd5 Bxd5 17. exd5 $14) 15. Qxc3 Qxc3
16. bxc3 Nxb3+ 17. axb3 Ke7 $11) 13... Rc8 14. Qe3 b5 $36 (14... Bxc3 15. Qxc3
Qxc3 16. bxc3 Nxb3 17. axb3 Rxc3 (17... Ke7 18. c4 h6 19. Be3 Nd7 $11) 18. Rxd6
Ke7 19. Rb6 Rc7 $11) 15. Bh4 {[%cal Gh4e1,Ge1c3]} (15. Bxf6 gxf6 $15) 15...
Bxc3 (15... Nc4 16. Bxc4 bxc4 17. Nc1 $13) 16. Qxc3 {Weiss muss die Damen
tauschen, sonst Schwarz bekommt ueberlegenes Spiel.} (16. bxc3 Nd7 $17 {
[%cal Gd7b6,Gb6c4]}) 16... Qxc3 17. bxc3 Nb7 $1 {[%mdl 32] Schwarz tauscht
nicht den b3-Springer, weil nicht die weißen Bauern am Damenflügel
gerademachen will. Anderseits deckt der Springer den d6-Bauern.} (17... Nxb3
18. axb3 Ke7 19. Kb2 Rc6 $11) 18. Kb2 (18. Bxf6 gxf6 19. Kb2 f5 $15) 18... Nd7
{[%cal Gd7c5,Gc5a4,Gd7b6,Gb6a4]} 19. Bf2 {[%cal Gf2a7]} Ke7 20. Ra1 $1 {
[%cal Ga2a4] Weiß bereitet a2-a4 vor.} Ndc5 21. Nxc5 Nxc5 (21... dxc5 22. a4
Nd6 23. axb5 axb5 24. Ra7+ $11) 22. Bxc5 Rxc5 (22... dxc5 23. a4 $11) 23. a4
bxa4 (23... Rhc8 $5 $15) 24. Rxa4 a5 {[%mdl 4096] Schwarz hat einen enfernten
a-Freibauern, aber Weiß kann den Bauern blockieren.} (24... Rb8+ 25. Rb4 $11)
25. Bd3 Rb8+ 26. Kc1 Bd7 (26... Rxc3 $6 27. Rxa5 $11) 27. Ra3 a4 {[%csl Ga4]}
28. c4 {[%cal Gc1d2,Gd2c3]} Kd8 29. Kd2 Kc7 30. Kc3 {Beide Spieler verbessern
ihre Königsstellung. Die schwarze Stellung ist besser, aber ich sehe nicht,
wie es konkret weitergehen kann, wenn es möglich ist.} Ra5 31. Rd1 Kc6 {
[%csl Gc5][%cal Gc6c5]} 32. Be2 Be6 33. Rda1 Rba8 34. Rb1 Bd7 (34... Kc5 35.
Bf1 $15 (35. Rb5+ Rxb5 36. cxb5 d5 37. exd5 Bxd5 $15)) 35. Bf1 {Der weiße
Läufer ist eine passive Figur und hat nur Verteidigungsfunktionen.} Kc5 36.
Raa1 Bc6 37. Kb2 {[%cal Gb2a3]} a3+ 38. Ka2 {Schwarz hat einen
Positionsvorteil, etwas überraschend in der Partie war es, hier Remis zu
gegeben. Anderseits blockiert der a2K den a-Bauern und Weiß kann seine Türme
befreien. Trotzdem hätte Schwarz seine Stellung am Königsfluegel verbessern
können.} (38. Ka2 g6 $15 {[%cal Gf7f5]} (38... h5 $15)) 1/2-1/2

[Event "Corsica Masters rap 07th"]
[Site "Bastia"]
[Date "2003.11.02"]
[Round "3.2"]
[White "Anand, Viswanathan"]
[Black "Grischuk, Alexander"]
[Result "1-0"]
[WhiteElo "2766"]
[BlackElo "2732"]
[Annotator "Huzman,A"]
[PlyCount "93"]
[EventDate "2003.11.01"]
[EventType "k.o. (rapid)"]
[EventRounds "4"]
[EventCountry "FRA"]
[SourceTitle "CBM 098"]
[Source "ChessBase"]
[SourceDate "2004.02.03"]
[SourceVersion "1"]
[SourceVersionDate "2004.02.03"]
[SourceQuality "1"]

1. e4 e5 2. Nf3 Nf6 3. Nxe5 d6 4. Nf3 Nxe4 5. d4 d5 6. Bd3 Nc6 7. O-O Be7 8.
Re1 Bg4 9. c3 f5 10. Nbd2 O-O 11. Qb3 Na5 12. Qa4 (12. Qc2 c5 13. Ne5 cxd4 (
13... Bh5 14. Ndf3 (14. f3 Bh4 (14... cxd4 15. fxe4 dxc3 16. exf5 cxd2 17. Bxd2
Bh4 {1/2-1/2 Milos,G-Morovic Fernandez,I/Santos BRA 2003/(17)}) 15. fxe4 Bxe1
16. exf5 c4 17. Bf1 Bxd2 18. Bxd2 Nc6 19. Re1 Qc8 $1 20. h3 Rxf5 21. g4 Nxe5
22. dxe5 Rxf1+ $2 (22... Rf3 $1 23. gxh5 Qc5+ 24. Kh1 Qf2 25. Bg2 Rd3 26. Rd1
Rf8 $1 $19 {/\27...Rff3}) 23. Rxf1 Bg6 24. Qd1 $11 {1/2-1/2 Morozevich,A-Adams,
M/Dortmund 2002/CBM 90/[Huzman] (27)}) 14... Rc8 15. Be3 c4 16. Be2 f4 17. Bc1
Bd6 18. Nd2 Bxe2 19. Rxe2 Bxe5 20. dxe5 Ng5 21. h4 Ne6 $17 {0-1 Hunt,A-Saljova,
S/Maidstone 1994/EXT 97 (57)}) 14. Nxg4 fxg4 15. Nxe4 dxe4 16. Bxe4 h6 17. cxd4
Qxd4 18. Bh7+ Kh8 19. Be3 Qf6 20. Rad1 $16 {1-0 Bagusis,V-Zalys,I/Montreal
1983/EXT 2002 (25)}) 12... Nc6 13. Qb3 Na5 14. Qc2 c5 15. Ne5 Bh5 16. f3 cxd4
17. fxe4 fxe4 $1 (17... dxc3 18. bxc3 (18. exd5 cxd2 19. Bxd2 Qxd5 20. Bc3 $36)
18... fxe4 19. Nxe4 dxe4 20. Bxe4 $36) 18. Nxe4 dxe4 19. Bxe4 Bc5 $1 (19...
dxc3 $5 20. Bxh7+ Kh8 21. bxc3 Bd6 $44) 20. Nd3 (20. Bxh7+ $2 Kh8 21. Kh1 Qf6
$36) 20... Bd6 21. b4 Nc6 (21... Qh4 22. g3 Bxg3 23. hxg3 Qxg3+ 24. Qg2 $18) (
21... Qc7 22. g4 $1 (22. bxa5 Bxh2+ 23. Kh1 Bg3 24. Ba3 Rf6 $40) 22... Bxg4 23.
bxa5 $16) 22. b5 Na5 23. cxd4 Rc8 24. Qd2 Qb6 (24... Nc4 25. Qg5 $16) 25. Nc5 (
25. Ne5 Bxe5 26. Bd5+ Bf7 27. Rxe5 Bxd5 28. Rxd5 Nc4 $17) 25... Bxc5 26. dxc5
Qxc5+ $2 (26... Rxc5 27. Kh1 (27. Qe3 Re8 28. Kh1 Rce5 29. Qd3 Bg6 30. Bd5+ Kh8
31. Rxe5 Rxe5 32. Qf1 Qc5 $17) 27... Qxb5 28. Ba3 Nc4 $17) 27. Kh1 (27. Qe3
Qxb5 28. Ba3 (28. Qxa7 $5) 28... Rfe8 29. Qxa7 Nc4 $11) 27... b6 $2 (27... Qxb5
28. Ba3 Rfd8 29. Qf4 $44) 28. Qd3 Rcd8 (28... Nc4 29. Bxh7+ Kh8 30. Be4 $16)
29. Ba3 Qg5 30. Qc2 Rd2 (30... Rfe8 31. Bxh7+ Kh8 32. Bf5 Nc4 (32... Rd2 33.
Rxe8+ Bxe8 34. Qe4 $16) 33. Qxc4 Qxf5 34. Bb2 $16) 31. Qc3 (31. Qc1 $1 $18 {
[%cal Ga3b4]}) 31... Re8 32. Bf3 Rdd8 33. Bc6 $1 Nxc6 34. bxc6 $16 {[%cal
Gc6c7]} Rxe1+ 35. Rxe1 Qd5 36. Bb2 Qf7 37. h3 Rc8 38. Rc1 Qc7 39. Qe3 h6 40.
Qe6+ Bf7 41. Qg4 Bd5 (41... Bxa2 42. Be5 h5 43. Qf5 Qd8 44. Ra1 $1 $18) 42. Be5
Qxe5 43. Qxc8+ Kh7 44. Qg4 h5 45. Qd1 Bxg2+ 46. Kxg2 Qg5+ 47. Kh1 1-0

[Event "FRA-chT Gp-A"]
[Site "France"]
[Date "2004.01.30"]
[Round "1"]
[White "Rublevsky, Sergei"]
[Black "Grischuk, Alexander"]
[Result "1/2-1/2"]
[WhiteElo "2655"]
[BlackElo "2719"]
[PlyCount "76"]
[EventDate "2004.01.30"]
[EventType "team"]
[EventRounds "7"]
[EventCountry "FRA"]
[SourceTitle "CBM 098 Extra"]
[Source "ChessBase"]
[SourceDate "2004.03.10"]
[SourceVersion "2"]
[SourceVersionDate "2004.03.10"]
[SourceQuality "1"]
[WhiteTeam "Nice"]
[BlackTeam "Paris NAO"]
[WhiteTeamCountry "FRA"]
[BlackTeamCountry "FRA"]

1. e4 e5 2. Nf3 Nc6 3. d4 exd4 4. Nxd4 Bc5 5. Nxc6 Qf6 6. Qd2 Qxc6 7. Bd3 Nf6
8. O-O O-O 9. b4 Bb6 10. c4 a5 11. Nc3 axb4 12. Nd5 Nxd5 13. exd5 Qf6 14. Bb2
Qh6 15. Qxh6 gxh6 16. d6 cxd6 17. Rfe1 d5 18. cxd5 d6 19. Re7 Bg4 20. h3 Bh5
21. Bc4 Rac8 22. Bb3 Rfe8 23. Rae1 Rxe7 24. Rxe7 Bc7 25. Bf6 Bg6 26. Ba4 Kf8
27. Bd7 Ra8 28. Bb5 Rc8 29. Re2 Ra8 30. Re7 Rc8 31. Re1 Ra8 32. g4 Bc2 33. Bc4
Bd8 34. Bd4 Bg5 35. Re2 Bd1 36. Rb2 b3 37. axb3 Bf3 38. Rb1 h5 1/2-1/2

[Event "FRA-chT Gp-A"]
[Site "France"]
[Date "2004.01.31"]
[Round "2"]
[White "Grischuk, Alexander"]
[Black "Kogan, Artur"]
[Result "1/2-1/2"]
[WhiteElo "2719"]
[BlackElo "2543"]
[PlyCount "66"]
[EventDate "2004.01.30"]
[EventType "team"]
[EventRounds "7"]
[EventCountry "FRA"]
[SourceTitle "CBM 098 Extra"]
[Source "ChessBase"]
[SourceDate "2004.03.10"]
[SourceVersion "2"]
[SourceVersionDate "2004.03.10"]
[SourceQuality "1"]
[WhiteTeam "Paris NAO"]
[BlackTeam "Evry"]
[WhiteTeamCountry "FRA"]
[BlackTeamCountry "FRA"]

1. d4 Nf6 2. c4 e6 3. g3 Bb4+ 4. Bd2 a5 5. Bg2 d6 6. Nf3 Nbd7 7. O-O e5 8. e3
Bxd2 9. Qxd2 O-O 10. Nc3 c6 11. e4 Re8 12. Rfe1 a4 13. Rab1 Qa5 14. b4 axb3 15.
axb3 Qb4 16. Bf1 Nf8 17. h3 Bd7 18. Re3 h6 19. Qb2 exd4 20. Nxd4 b5 21. Qd2
bxc4 22. bxc4 Qa5 23. Rd1 Ng6 24. Nc2 Qh5 25. Qe2 Qc5 26. Kh2 Ne5 27. Rd4 Be6
28. f4 Nxc4 29. Rxc4 Bxc4 30. Qxc4 Qxc4 31. Bxc4 Nxe4 32. Rxe4 Rxe4 33. Nxe4 d5
1/2-1/2

[Event "Poikovsky Karpov 05th"]
[Site "Poikovsky"]
[Date "2004.03.17"]
[Round "1"]
[White "Malakhov, Vladimir"]
[Black "Grischuk, Alexander"]
[Result "0-1"]
[WhiteElo "2700"]
[BlackElo "2719"]
[Annotator "Ftacnik,L"]
[PlyCount "120"]
[EventDate "2004.03.17"]
[EventType "tourn"]
[EventRounds "9"]
[EventCountry "RUS"]
[EventCategory "18"]
[SourceTitle "CBM 100"]
[Source "ChessBase"]
[SourceDate "2004.06.01"]
[SourceVersion "1"]
[SourceVersionDate "2004.06.01"]
[SourceQuality "1"]

1. c4 Nf6 2. Nf3 c6 3. Nc3 d5 4. e3 a6 5. d4 b5 6. b3 Bg4 7. Be2 Nbd7 8. O-O e6
9. h3 Bh5 10. Bb2 Bd6 11. Ne5 Bxe2 12. Nxe2 Qc7 13. cxd5 cxd5 14. Rc1 Qb8 15.
Nxd7 Nxd7 16. e4 {An interesting attempt to change the character of the fight,
black bishop is ideal for the pawn structure and by pieceful play Grischuk
woul have nothing to worry about.} dxe4 $5 {[%mdl 4] A daring opening of the
position in the moment, when black needs a tempo to bring his king into safety.
} 17. d5 O-O (17... exd5 18. Bxg7 (18. Qxd5 O-O 19. Rfd1 Bh2+ 20. Kh1 Be5 21.
Bxe5 Nxe5 22. Qxe4 Re8 23. Nd4 Ng6) 18... Rg8 19. Ba1 Nb6 ({a)} 19... Rg5 20.
f4 exf3 21. Rxf3 Bc5+ 22. Kh1 Qd6 23. Qd2 $36) ({b)} 19... Qb7 20. Nc3 Nf6 (
20... Bf4 21. Rc2 Rg5 (21... Nb6 22. Qh5 Qc6 (22... h6 23. Ne2) 23. Nxe4 $1
Qxc2 24. Nf6+ Kf8 25. Nxg8 Qg6 26. Qf3 $14) 22. h4 $14) 21. Nxb5 axb5 22. Bxf6
Rg6 (22... Qd7 23. Qh5 $36) 23. Bd4 Rxa2 24. Qh5 $36) 20. Bd4 Nd7 21. Nc3 (21.
Ba1 $11) 21... Qd8 22. Nxd5 Qg5 23. Ne3 Rd8 (23... Qf4 24. Re1 Qh2+ 25. Kf1 $14
) 24. Qc2) 18. dxe6 Nc5 $1 (18... fxe6 19. Ng3 ({a)} 19. Nd4 Nc5 $1 (19... Bh2+
$6 20. Kh1 Bf4 21. Nxe6 Bxc1 22. Nxf8 Bxb2 23. Nxd7 Qb7 24. Nc5 Qc6 25. b4 $1
$16) 20. Rxc5 (20. Qg4 $6 Rf4 $1 21. Qg5 h6 22. Qg6 Rf6 23. Qg4 Qf8 $1 $15)
20... Bxc5 21. Nxe6 Qa7 $5 (21... Qb6 $2 22. Qg4 g6 (22... Bxf2+ 23. Kh1 Rf7
24. Bxg7 h5 25. Qg6 $18) 23. Qxe4 $1 Rxf2 24. Rxf2 Bxf2+ 25. Kf1 Ra7 26. Qd5 $1
$18) 22. Nxf8 (22. Qd5 $2 Qf7 $1 23. Bxg7 Bxf2+ 24. Kh1 Rfd8 $1 25. Qxe4 Bg3 $1
$19 (25... Re8 26. Bb2 Qxe6 27. Qf4 Rad8 28. Qxf2 Qg6 $17)) 22... Rxf8 23. Qd5+
Kh8 24. Qxe4 Bxf2+ 25. Kh1 Bc5 26. Rxf8+ Bxf8 27. Bd4 (27. Qe8 Kg8 28. Qe6+ Qf7
29. Qxa6 Qf1+ 30. Kh2 Qf4+ $11) 27... Qf7 28. Kg1 Kg8 $11) 19... Nf6 (19... e3
20. fxe3 Rxf1+ 21. Nxf1 $14) (19... Nc5 20. Qd4 Qc7 21. Nxe4 Bh2+ 22. Kh1 Be5
23. Qxe5 Qxe5 24. Bxe5 Nxe4 25. f3 $14) 20. Bxf6 Bxg3 21. fxg3 gxf6 (21... Rxf6
22. Rxf6 gxf6 23. Qg4+ Kh8 24. Qxe6 Qe5 25. Qxe5 fxe5 26. Kf2 $14) 22. Qg4+ Kh8
23. Qxe4 Qxg3 24. Qxe6 Rae8 25. Qc6 $14) 19. Qd4 {The first independent move
in the game.} (19. Nf4 fxe6 20. Qg4 e5 21. Ne6 Nxe6 22. Qxe6+ Kh8 23. Rc6 Bc7
24. Rfc1 Qa7 25. R1c2 Ba5 26. Qxe5 Rae8 27. Rxa6 {1-0 Sasikiran,K-Sakaev,K/
Copenhagen 2003/ (27)}) 19... Nxe6 20. Qxe4 Re8 21. Rfe1 Qa7 22. Qf3 {Malakhov
can not hope even for a small advantage, in a symetrical position is his only
tromph-bishop b2-easily eliminated.} (22. Nc3 Bc5 23. Re2 Rad8 $11) 22... Bc5
23. Ng3 Bd4 24. Bxd4 Qxd4 25. Rcd1 Qb4 26. Nf5 Rad8 27. Qc6 Qc5 $6 (27... Qa5
$5 $11) 28. Qxc5 Nxc5 29. Rxe8+ Rxe8 30. b4 Ne4 31. Rd7 $14 {White's chances
are somewhat better in the endgame.} h5 $1 32. a3 Nf6 33. Ra7 Re1+ 34. Kh2 Re6
35. f3 Nd5 36. Kg3 Nc3 37. Rd7 Ne2+ 38. Kf2 Nf4 39. Ne7+ Kh7 40. Nd5 Nd3+ 41.
Kg3 Ne5 42. Rc7 Rd6 43. Nc3 Kg6 44. Ne4 Rd3 45. Kf4 f6 46. Rc3 Rd1 47. Nc5 h4
48. Nxa6 Nc4 $1 49. Kg4 {Malakhov must suddenly worry about the mating threats.
} (49. a4 $4 Rd4#) 49... Rg1 50. Nc7 (50. Rc2 $2 Ne3+ $19) 50... Rxg2+ 51. Kf4
Nd6 52. Rc6 Nf7 53. Ne6 $2 {After this move black will get a clear upper hand
since h3 pawn is terminaly weak.} (53. Nxb5 Ng5 54. Rc4 Nxh3+ 55. Ke3 Kh5 56.
a4 Nf2 57. Rc8 h3 58. Rh8+ Kg5 $13) 53... Re2 54. Nd4 (54. Rb6 Ne5 55. Rd6 Kf7
$17) 54... Re5 $1 55. Ne6 (55. Rb6 Kh5 56. Rxb5 g5#) 55... Re1 56. Nf8+ Kh6 57.
Re6 Rg1 58. Re7 (58. Rb6 Ng5 59. Rxb5 Nxh3+ 60. Ke3 Re1+ 61. Kd2 Ra1 $17) 58...
Ng5 59. Ne6 Nxh3+ 60. Kf5 Rg3 {Malakhov must have overstepped the time limit,
since the position is anything but resignable.} (60... Rg3 61. f4 $1 g6+ (61...
Nf2 62. Re8 g6+ 63. Kxf6 Kh5 64. Rh8+ Kg4 65. Kxg6 $11) 62. Kxf6 Rxa3 63. Re8
Kh5 64. f5 gxf5 65. Kxf5 Rf3+ 66. Ke4 Rf6 67. Rh8+ $11) 0-1